000 00880pam a22002534a 4500
001 3563486
003 OSt
005 20160310103443.0
008 981125s1999 nyua b 001 0 eng
010 _a 98054076
020 _a0028653246 (pbk.)
040 _aSEKU
050 0 0 _aML 74
_b.W5
100 1 _aWilliams, David Brian.
245 1 0 _aExperiencing music technology :
_bsoftware, data, and hardware /
_cDavid Brian Williams and Peter Richard Webster.
250 _a2nd ed.
260 _aNew York :
_bSchirmer Books,
_c1999.
300 _a639 p. :
_bill. ;
504 _aIncludes bibliographical references and index.
530 _aSystem requirements for accompanying computer disc: Macintosh; System 7.0 or better; or IBM-compatible PC; Windows 95 or better.
650 0 _aMusic
_xData processing.
700 1 _aWebster, Peter Richard,
_d1947-
942 _2lcc
_cGEN
999 _c11969
_d11969